[Event "55th World U20 ch"]
[Site "Bhubaneswar IND"]
[Date "2016.08.08"]
[Round "1.29"]
[White "Beukema, Stefan"]
[Black "Holleland, Sigve"]
[Result "1-0"]
[WhiteElo "2380"]
[BlackElo "2106"]
[EventDate "2016.08.08"]
[PlyCount "115"]

1.e4 e5 2.Nf3 Nc6 3.Bc4 Bc5 4.c3 Nf6 5.d3 O-O 6.b4 Bb6 7.a4 a6 8.Bg5 h6 9.
Bh4 d6 10.Nbd2 Be6 11.h3 Re8 12.g4 g5 13.Bg3 d5 14.exd5 Nxd5 15.Ne4 Nf4 
16.h4 f6 17.hxg5 hxg5 18.Qb3 Qxd3 19.Nxf6+ Kg7 20.Nxe8+ Rxe8 21.Bxd3 Nxd3+
22.Ke2 Bxb3 23.Rh5 Nf4+ 24.Bxf4 exf4+ 25.Kf1 Bc4+ 26.Kg2 Re2 27.Rxg5+ Kf6 
28.Rf5+ Ke7 29.Re1 Rxe1 30.Nxe1 Nd8 31.a5 Ba7 32.g5 Ne6 33.g6 Ba2 34.Rf7+ 
Ke8 35.Rh7 c5 36.f3 Bd5 37.Nd3 c4 38.Ne5 Be3 39.Nd7 Bc6 40.Nf6+ Kd8 41.g7 
Nxg7 42.Rxg7 Bd2 43.Ne4 Bxe4 44.fxe4 Bxc3 45.Rxb7 Bd4 46.Kf3 Kc8 47.Rf7 
Bc3 48.Rxf4 Bxb4 49.e5 Bxa5 50.Rxc4+ Kd7 51.Ke4 Be1 52.Kd5 a5 53.Rg4 Bb4 
54.Rg6 Ke7 55.Rg7+ Kd8 56.Ra7 Ke8 57.Ke6 Kd8 58.Kf7 1-0

[Event "55th World U20 ch"]
[Site "Bhubaneswar IND"]
[Date "2016.08.08"]
[Round "1.30"]
[White "Tahay, Alexis"]
[Black "Xu Yi"]
[Result "0-1"]
[WhiteElo "2098"]
[BlackElo "2371"]
[EventDate "2016.08.08"]
[PlyCount "64"]

1.e4 c5 2.Nf3 Nc6 3.d4 cxd4 4.Nxd4 e6 5.Nc3 Qc7 6.f4 a6 7.Nxc6 bxc6 8.Bd3 
d5 9.O-O Nf6 10.Qe2 Be7 11.Kh1 Bb7 12.Bd2 O-O 13.Rae1 Nd7 14.Rf3 Nc5 15.
exd5 cxd5 16.Rh3 f5 17.Qh5 h6 18.Ree3 Qxf4 19.Rxe6 Qxd2 20.Rxe7 Ne4 21.Rf3
Qe1+ 22.Rf1 Nf2+ 23.Kg1 Qxe7 24.Rxf2 Rae8 25.Ne2 Qe3 26.Qf3 Qxf3 27.Rxf3 
g5 28.Kf2 f4 29.Bg6 Re6 30.Rb3 Rxg6 31.Rxb7 g4 32.Nd4 g3+ 0-1

[Event "55th World U20 ch"]
[Site "Bhubaneswar IND"]
[Date "2016.08.08"]
[Round "1.31"]
[White "Yuan Qingyu"]
[Black "Evangelista, Paul Robert"]
[Result "1-0"]
[WhiteElo "2366"]
[BlackElo "2020"]
[EventDate "2016.08.08"]
[PlyCount "91"]

1.c4 d6 2.d4 e5 3.Nf3 e4 4.Ng5 f5 5.g3 Be7 6.h4 Nf6 7.Nc3 c6 8.Be3 Ng4 9.
Qd2 h6 10.Nh3 Be6 11.f3 Nf6 12.d5 cxd5 13.cxd5 Bf7 14.fxe4 fxe4 15.Bg2 Qa5
16.Nf4 Nbd7 17.Ne6 Bxe6 18.dxe6 Nb6 19.Nxe4 Qe5 20.Nxf6+ Bxf6 21.Bf4 Qxb2 
22.Rc1 O-O 23.Qxb2 Bxb2 24.Rc7 Rac8 25.e7 Rfe8 26.Rxb7 Bc3+ 27.Kf1 Kf7 28.
Bxd6 Bd4 29.Bh3 Rc6 30.Bb4 Bc5 31.Bxc5 Rxc5 32.Rxa7 Rxe7 33.Rxe7+ Kxe7 34.
Kf2 Ra5 35.Ra1 Nd5 36.Bg2 Nc3 37.a3 Nb5 38.Be4 Nxa3 39.Ra2 Nc4 40.Rxa5 
Nxa5 41.Bd5 Kf6 42.e4 g5 43.hxg5+ Kxg5 44.e5 h5 45.e6 Kf6 46.Kg2 1-0

[Event "55th World U20 ch"]
[Site "Bhubaneswar IND"]
[Date "2016.08.08"]
[Round "1.32"]
[White "Nyamdorj, Davaaochir"]
[Black "Lokander, Martin"]
[Result "1-0"]
[WhiteElo "2015"]
[BlackElo "2365"]
[EventDate "2016.08.08"]
[PlyCount "45"]

1.e4 e5 2.Nf3 Nc6 3.Bb5 a6 4.Ba4 Nf6 5.O-O b5 6.Bb3 Bb7 7.d3 Bd6 8.c3 O-O 
9.Nbd2 Re8 10.Ng5 Rf8 11.f4 Bc5+ 12.Kh1 d6 13.Ndf3 h6 14.Nxf7 Rxf7 15.Ng5 
hxg5 16.Bxf7+ Kxf7 17.fxg5 Qh8 18.gxf6 g6 19.b4 Bb6 20.Qb3+ Kf8 21.f7 Ne7 
22.Bg5 Nf5 23.Rxf5 1-0

[Event "55th World U20 ch"]
[Site "Bhubaneswar IND"]
[Date "2016.08.08"]
[Round "1.33"]
[White "Pirverdiev, Agil"]
[Black "Avik, Sarker"]
[Result "1-0"]
[WhiteElo "2364"]
[BlackElo "2000"]
[EventDate "2016.08.08"]
[PlyCount "103"]

1.d4 Nf6 2.c4 c5 3.Nf3 e6 4.Nc3 cxd4 5.Nxd4 Bb4 6.Nb5 d5 7.Bf4 Na6 8.e3 
O-O 9.a3 Bxc3+ 10.Nxc3 Nc5 11.Be2 Nfe4 12.Nxe4 Nxe4 13.cxd5 Qxd5 14.Qxd5 
exd5 15.f3 Nf6 16.g4 Be6 17.Kd2 Rac8 18.Rac1 Nd7 19.Bc7 f6 20.f4 f5 21.g5 
Rf7 22.Bd6 Nb6 23.Rxc8+ Nxc8 24.Bb8 a6 25.Kc3 Nb6 26.Kd4 Rf8 27.Bc7 Nc4 
28.Be5 b5 29.Rc1 Rc8 30.b3 Nxa3 31.Rxc8+ Bxc8 32.Bd3 a5 33.Bc7 a4 34.Bd6 
Nc4 35.bxc4 dxc4 36.Be2 Kf7 37.Bf3 Bd7 38.Bb4 Kg6 39.h4 h6 40.h5+ Kh7 41.
g6+ Kh8 42.Bd5 Bc8 43.Bc6 a3 44.Bxa3 b4 45.Bxb4 Be6 46.Bd5 Bd7 47.Bxc4 Be6
48.Bd3 Bd7 49.Ke5 Bc6 50.Ke6 Bf3 51.Kf7 Bxh5 52.Bc3 1-0

[Event "55th World U20 ch"]
[Site "Bhubaneswar IND"]
[Date "2016.08.08"]
[Round "1.34"]
[White "Palucha, Szymon"]
[Black "Nihal, Sarin"]
[Result "0-1"]
[WhiteElo "1932"]
[BlackElo "2358"]
[EventDate "2016.08.08"]
[PlyCount "114"]

1.e4 c5 2.Nf3 d6 3.d4 cxd4 4.Nxd4 Nf6 5.Nc3 a6 6.Be3 e5 7.Nb3 Be6 8.f3 Be7
9.Qd2 O-O 10.O-O-O Nbd7 11.g4 b5 12.g5 b4 13.gxf6 bxc3 14.Qxc3 Nxf6 15.Na5
Rc8 16.Nc6 Qe8 17.Nxe7+ Qxe7 18.Qa5 Rc6 19.Kb1 Rb8 20.b3 Qb7 21.Rd2 Ne8 
22.Ka1 Qc8 23.c4 f5 24.Bd3 f4 25.Bf2 Qb7 26.h4 Rbc8 27.Bf1 Qf7 28.Bh3 Bxh3
29.Rxh3 Qg6 30.Qd5+ Kh8 31.Rh1 Nf6 32.Qd3 Qf7 33.Rhd1 Kg8 34.Qc3 Qe6 35.
Qb4 Ne8 36.Rd3 h6 37.Qa3 Kh7 38.Be1 Qh3 39.Bb4 Qxh4 40.Bxd6 Nxd6 41.Rxd6 
Qf2 42.R6d3 Rg6 43.Qb2 Rg2 44.Qxf2 Rxf2 45.R1d2 Rxd2 46.Rxd2 h5 47.Rd5 Re8
48.c5 g5 49.c6 g4 50.c7 Rc8 51.Rxe5 Kg6 52.Ra5 Rxc7 53.Rxa6+ Kg5 54.fxg4 
hxg4 55.Ra5+ Kg6 56.Rf5 Rf7 57.a4 Rxf5 0-1

[Event "55th World U20 ch"]
[Site "Bhubaneswar IND"]
[Date "2016.08.08"]
[Round "1.35"]
[White "Tran Minh Thang"]
[Black "Subramaniam, Shreyes"]
[Result "1-0"]
[WhiteElo "2353"]
[BlackElo "1863"]
[EventDate "2016.08.08"]
[PlyCount "66"]

1.d4 d5 2.c4 e6 3.Nf3 Nf6 4.Nc3 Be7 5.cxd5 exd5 6.Bf4 O-O 7.e3 Bf5 8.Bd3 
Bxd3 9.Qxd3 Nbd7 10.O-O c6 11.h3 h6 12.Qc2 Rc8 13.Rfd1 Re8 14.a3 Nf8 15.b4
Bd6 16.Ne5 N8d7 17.Nxf7 Kxf7 18.Bxd6 Ne4 19.Be5 Nxe5 20.Nxe4 Nf3+ 21.gxf3 
dxe4 22.fxe4 Qh4 23.Kh2 Rxe4 24.Rg1 g5 25.f3 Re6 26.Rg4 Qh5 27.d5 Re5 28.
Qh7+ Kf6 29.f4 Rxd5 30.fxg5+ Rxg5 31.Qd7 Rxg4 32.Rf1+ Ke5 33.Qe7+ Kd5 1-0

[Event "55th World U20 ch"]
[Site "Bhubaneswar IND"]
[Date "2016.08.08"]
[Round "1.36"]
[White "Dassanayake, D. M. G. S."]
[Black "Rajdeep, Sarkar"]
[Result "1/2-1/2"]
[WhiteElo "1859"]
[BlackElo "2351"]
[EventDate "2016.08.08"]
[PlyCount "170"]

1.d4 d5 2.Nf3 Nf6 3.c4 e6 4.Bg5 c6 5.e3 Nbd7 6.Nc3 Qa5 7.Nd2 Bb4 8.Qc2 Ne4
9.Ncxe4 dxe4 10.Bh4 e5 11.a3 O-O 12.Rd1 Bxd2+ 13.Qxd2 Qxd2+ 14.Rxd2 exd4 
15.Rxd4 Re8 16.Be2 f5 17.O-O Ne5 18.h3 Be6 19.b3 a5 20.Bg3 Nf7 21.a4 g6 
22.Rfd1 Rec8 23.Kh2 Kf8 24.f3 exf3 25.gxf3 Re8 26.h4 Ra6 27.Bf4 Rb6 28.
R4d3 Rb4 29.Bg3 b5 30.axb5 a4 31.bxa4 Bxc4 32.R3d2 cxb5 33.axb5 Bxe2 34.
Rxe2 Rxb5 35.Bf4 Rb3 36.Rd7 Re7 37.Rxe7 Kxe7 38.e4 Ke6 39.Kg3 Rb4 40.exf5+
Kxf5 41.Re7 Kf6 42.Ra7 Rb6 43.Be3 Rd6 44.Rb7 Ke6 45.Rb6 Rxb6 46.Bxb6 Kf5 
47.Bd4 Nd8 48.Be3 Ne6 49.Kf2 Ke5 50.Kg3 h5 51.Kf2 Ng7 52.Ke2 Nf5 53.Bg5 
Nd4+ 54.Ke3 Ne6 55.Be7 Kf5 56.Kf2 Nf4 57.Kg3 Nd3 58.Bg5 Ke5 59.Be3 Kd5 60.
Kg2 Kc4 61.Kf1 Ne5 62.Ke2 Nf7 63.Bf4 Kd4 64.Kd2 Nd8 65.Be3+ Ke5 66.Ke2 Ne6
67.Kf2 Kd5 68.Ke2 Kc4 69.Kd2 Nc7 70.Bg5 Nd5 71.Ke2 Kd4 72.Kd2 Ke5 73.Ke2 
Nc7 74.Be3 Ne6 75.Kf2 Ng7 76.Bg5 Nf5 77.Ke2 Nd4+ 78.Kf2 Ne6 79.Be3 Kf5 80.
Kg3 Nc7 81.Bg5 Ne6 82.Be3 Ke5 83.Kf2 Nf4 84.Bxf4+ Kxf4 85.Kg2 g5 1/2-1/2

[Event "55th World U20 ch"]
[Site "Bhubaneswar IND"]
[Date "2016.08.08"]
[Round "1.37"]
[White "Ivekovic, Bozidar"]
[Black "Weerasinghe, C. C."]
[Result "1-0"]
[WhiteElo "2351"]
[BlackElo "1785"]
[EventDate "2016.08.08"]
[PlyCount "53"]

1.d4 Nf6 2.c4 g6 3.Nc3 d5 4.Bg5 Ne4 5.Nxe4 dxe4 6.e3 Bg7 7.Ne2 O-O 8.Nc3 
c6 9.Nxe4 Qc7 10.Be2 e5 11.c5 f5 12.Bc4+ Kh8 13.Nd6 h6 14.h4 Qa5+ 15.Kf1 
f4 16.exf4 exd4 17.Be7 Rxf4 18.Nxc8 Nd7 19.Nd6 Nxc5 20.g3 Qc7 21.gxf4 Qxe7
22.Nf7+ Kh7 23.h5 Qe4 24.hxg6+ Qxg6 25.Qh5 Qc2 26.Qxc5 Rf8 27.Nxh6 1-0

[Event "55th World U20 ch"]
[Site "Bhubaneswar IND"]
[Date "2016.08.08"]
[Round "1.38"]
[White "Hsu Chuan Chia"]
[Black "Harsha, Bharathakoti"]
[Result "0-1"]
[WhiteElo "1777"]
[BlackElo "2344"]
[EventDate "2016.08.08"]
[PlyCount "58"]

1.e4 c5 2.Nf3 e6 3.b3 a6 4.Bb2 Nc6 5.g3 Nf6 6.e5 Ng4 7.h3 Nh6 8.Bg2 Nf5 9.
O-O Be7 10.Nc3 O-O 11.Ne4 b5 12.Nh2 f6 13.exf6 gxf6 14.Ng4 d5 15.Nc3 Bd7 
16.a4 d4 17.Ne4 h5 18.Nh2 Ng7 19.axb5 axb5 20.Rxa8 Qxa8 21.h4 Qa2 22.Bc1 
Nb4 23.c3 Nd3 24.Qe2 Qc2 25.Qd1 Qb1 26.Ba3 Qxd1 27.Rxd1 b4 28.cxb4 cxb4 
29.Bc1 Rc8 0-1

[Event "55th World U20 ch"]
[Site "Bhubaneswar IND"]
[Date "2016.08.08"]
[Round "1.39"]
[White "Belous, Mikhail"]
[Black "Seppala, Joni"]
[Result "1-0"]
[WhiteElo "2343"]
[BlackElo "1765"]
[EventDate "2016.08.08"]
[PlyCount "47"]

1.d4 Nf6 2.c4 e6 3.Nf3 c5 4.d5 b5 5.dxe6 fxe6 6.cxb5 d5 7.e3 Bd6 8.Be2 O-O
9.O-O Bb7 10.b4 cxb4 11.a3 Nbd7 12.axb4 Ng4 13.h3 Qf6 14.Ra2 Nh6 15.Bb2 e5
16.Nbd2 Qg6 17.Nb3 d4 18.exd4 Rxf3 19.Bxf3 e4 20.Bh5 Qg5 21.Bc1 e3 22.d5 
Bxd5 23.Bf3 Qe5 24.Qxd5+ 1-0

[Event "55th World U20 ch"]
[Site "Bhubaneswar IND"]
[Date "2016.08.08"]
[Round "1.40"]
[White "Skettos, Nicolas"]
[Black "Gheorghiu, Calin"]
[Result "0-1"]
[WhiteElo "1561"]
[BlackElo "2343"]
[EventDate "2016.08.08"]
[PlyCount "100"]

1.e4 e6 2.d4 d5 3.Nc3 Nf6 4.Bg5 dxe4 5.Nxe4 Be7 6.Bxf6 gxf6 7.Nf3 Nd7 8.g3
b6 9.Bg2 Bb7 10.Qd3 f5 11.Ned2 Nf6 12.O-O h5 13.Ne5 Bxg2 14.Kxg2 h4 15.
Ndf3 Qd5 16.Qb3 Rd8 17.Qa4+ b5 18.Qxa7 Nd7 19.Qxc7 f6 20.Qc6 fxe5 21.Qxd5 
exd5 22.Nxe5 Nxe5 23.dxe5 Kf7 24.f4 Rc8 25.c3 b4 26.cxb4 hxg3 27.hxg3 Rc2+
28.Rf2 Rh2+ 29.Kxh2 Rxf2+ 30.Kg1 Rxb2 31.a3 Ke6 32.Kf1 d4 33.a4 Rxb4 34.a5
Rb8 35.a6 Kd5 36.Ke2 Bc5 37.Kd3 Rb3+ 38.Kc2 Rb8 39.Kd3 Ba7 40.Ra5+ Ke6 41.
Ra3 Rb6 42.Kc4 Rc6+ 43.Kd3 Rc1 44.Kd2 Rg1 45.Ke2 Rg2+ 46.Kf3 Rh2 47.Ra1 d3
48.Rf1 d2 49.g4 Rf2+ 50.Rxf2 d1=Q+ 0-1

[Event "55th World U20 ch"]
[Site "Bhubaneswar IND"]
[Date "2016.08.09"]
[Round "2.1"]
[White "Praggnanandhaa, R."]
[Black "Artemiev, Vladislav"]
[Result "0-1"]
[WhiteElo "2429"]
[BlackElo "2665"]
[EventDate "2016.08.08"]
[PlyCount "82"]

1.Nf3 d5 2.g3 g6 3.Bg2 Bg7 4.d4 Nf6 5.O-O O-O 6.c3 Bf5 7.Qb3 Qc8 8.c4 dxc4
9.Qxc4 Be6 10.Qc2 Nc6 11.Nc3 Rd8 12.Rd1 Nb4 13.Qa4 c5 14.dxc5 Rxd1+ 15.
Nxd1 a5 16.a3 Na6 17.c6 Nc5 18.Qb5 Qxc6 19.Qxc6 bxc6 20.Nd4 Nb3 21.Nxb3 
Bxb3 22.Nc3 Nd5 23.Bd2 a4 24.Rc1 Rd8 25.Be1 e6 26.Kf1 Bh6 27.Ra1 c5 28.Ne4
c4 29.Ba5 Rb8 30.Ke1 Bc2 31.Nd6 Bg7 32.Nxc4 Bb3 33.Bxd5 exd5 34.Ne3 Bxb2 
35.Rb1 Ba2 36.Rd1 d4 37.Ng4 Bb3 38.Rd2 Rc8 39.Nf6+ Kh8 40.Kf1 Bc3 41.Bxc3 
dxc3 0-1

[Event "55th World U20 ch"]
[Site "Bhubaneswar IND"]
[Date "2016.08.09"]
[Round "2.2"]
[White "Xiong, Jeffery"]
[Black "Menezes, Christoph"]
[Result "1-0"]
[WhiteElo "2633"]
[BlackElo "2408"]
[EventDate "2016.08.08"]
[PlyCount "91"]

1.d4 Nf6 2.Nf3 d5 3.g3 e6 4.Bg2 Be7 5.c4 O-O 6.O-O c6 7.Qc2 b6 8.Nbd2 Bb7 
9.e4 Na6 10.cxd5 cxd5 11.e5 Ne4 12.a3 Rc8 13.Qd1 Nc7 14.Nb3 Qd7 15.Be3 Ba6
16.Re1 Qa4 17.Nc1 Qxd1 18.Rxd1 f6 19.Nd3 Ng5 20.exf6 Nxf3+ 21.Bxf3 gxf6 
22.Bh6 Rfd8 23.Nf4 Bf8 24.Bxf8 Kxf8 25.Re1 Rd6 26.Re3 Kf7 27.Bh5+ Ke7 28.
Bg4 Bb5 29.Bf5 h6 30.Rae1 Bd7 31.Bd3 Kf7 32.h4 Ne8 33.g4 Ng7 34.Kh2 Ba4 
35.Bg6+ Ke7 36.Nxe6 Rxe6 37.Rxe6+ Nxe6 38.Rxe6+ Kxe6 39.Bf5+ Kd6 40.Bxc8 
Be8 41.Bf5 Ke7 42.Kg3 Kf7 43.Kf4 Ke7 44.Bc8 Bc6 45.Kf5 Kf7 46.Be6+ 1-0

[Event "55th World U20 ch"]
[Site "Bhubaneswar IND"]
[Date "2016.08.09"]
[Round "2.3"]
[White "Beukema, Stefan"]
[Black "Alexeenko, Kiril"]
[Result "0-1"]
[WhiteElo "2380"]
[BlackElo "2582"]
[EventDate "2016.08.08"]
[PlyCount "108"]

1.e4 d6 2.d4 Nf6 3.Nc3 g6 4.f4 Bg7 5.Nf3 O-O 6.Be3 Nc6 7.Be2 Ng4 8.Bg1 e5 
9.d5 Nb8 10.h3 Nf6 11.fxe5 dxe5 12.Bh2 Nbd7 13.g4 Ne8 14.Qd2 Nd6 15.O-O-O 
Rb8 16.Qe3 b5 17.h4 Nb6 18.Nxe5 Qe8 19.Nc6 Nbc4 20.Bxc4 Nxc4 21.Qc5 Bxg4 
22.Nxb8 Qxb8 23.Bxc7 Qc8 24.d6 Bd7 25.Rd5 Qa6 26.Rd4 Re8 27.h5 Re5 28.Qb4 
Bf6 29.Kb1 Re8 30.Rhd1 Ne3 31.R1d3 Bg5 32.Rxe3 Bxe3 33.Nd5 Bg5 34.Qc3 b4 
35.Qf3 f5 36.Nxb4 Qa4 37.Qd3 Bf6 38.Rc4 Qb5 39.Qb3 Kf8 40.Nd5 Qxb3 41.cxb3
Bg5 42.Ba5 Rxe4 43.Rc7 Ke8 44.Rxa7 f4 45.Nb6 Bc6 46.d7+ Bxd7 47.Rxd7 f3 
48.Rd1 f2 49.Nc4 Re2 50.Bb4 Be7 51.Bxe7 Re1 52.Ne3 Rxd1+ 53.Kc2 Re1 54.Bg5
Rxe3 0-1

[Event "55th World U20 ch"]
[Site "Bhubaneswar IND"]
[Date "2016.08.09"]
[Round "2.4"]
[White "Xu Yi"]
[Black "Wagner, Dennis"]
[Result "1-0"]
[WhiteElo "2371"]
[BlackElo "2572"]
[EventDate "2016.08.08"]
[PlyCount "93"]

1.e4 e5 2.Nf3 Nc6 3.Bc4 Bc5 4.c3 Nf6 5.d3 a6 6.O-O d6 7.a4 h6 8.Nbd2 Ba7 
9.a5 g5 10.b4 g4 11.Ne1 h5 12.Nb3 d5 13.exd5 Nxd5 14.Bd2 Be6 15.b5 Nce7 
16.bxa6 bxa6 17.Bxa6 g3 18.hxg3 h4 19.g4 Qd7 20.Qe2 h3 21.Qxe5 Ng6 22.Qg3 
c6 23.gxh3 Bb8 24.f4 Rxa6 25.Nc5 Qa7 26.d4 Rxa5 27.Rxa5 Qxa5 28.Ng2 Qa2 
29.Qd3 Rxh3 30.Qxh3 Qxd2 31.Nxe6 fxe6 32.Qh5 Ne7 33.f5 exf5 34.gxf5 Qxc3 
35.fxg6 Qxd4+ 36.Kh1 Qg7 37.Nh4 Bg3 38.Nf5 Nxf5 39.Qxf5 Qh6+ 40.Kg2 Qh2+ 
41.Kf3 Bd6 42.Qc8+ Ke7 43.Re1+ Kf6 44.Re6+ Kg5 45.Qd8+ Kh5 46.Qh8+ Kg5 47.
Qxh2 1-0

[Event "55th World U20 ch"]
[Site "Bhubaneswar IND"]
[Date "2016.08.09"]
[Round "2.5"]
[White "Svane, Rasmus"]
[Black "Yuan Qingyu"]
[Result "1/2-1/2"]
[WhiteElo "2546"]
[BlackElo "2366"]
[EventDate "2016.08.08"]
[PlyCount "134"]

1.d4 Nf6 2.c4 e6 3.Nf3 b6 4.g3 Bb7 5.Bg2 Be7 6.O-O O-O 7.Re1 d5 8.cxd5 
exd5 9.Nc3 Nbd7 10.Bf4 Nh5 11.Bd2 Nhf6 12.Rc1 a6 13.Bf4 Nh5 14.Be3 Nhf6 
15.Ne5 Bd6 16.Nxd7 Qxd7 17.Qb3 Qf5 18.Qc2 Qe6 19.a3 Rae8 20.Qd2 Ne4 21.
Nxe4 dxe4 22.Bf4 c5 23.Red1 Bxf4 24.Qxf4 c4 25.d5 Bxd5 26.Rd4 b5 27.Rcd1 
Bc6 28.Rd6 Qc8 29.Qe3 Re7 30.Qb6 Rc7 31.Qd4 Qb7 32.e3 h6 33.h4 Re8 34.Bf1 
Kh7 35.h5 Re6 36.Rxe6 fxe6 37.Qe5 Rd7 38.Rxd7 Qxd7 39.Bh3 Bd5 40.g4 Qe7 
41.Bg2 Qb7 42.Bh3 Qf7 43.Bg2 Qb7 44.Bh3 Qc6 45.g5 hxg5 46.Qxg5 Qe8 47.Bf5+
exf5 48.Qxf5+ g6 49.Qxd5 gxh5 50.Kf1 Qg6 51.Qe5 Kg8 52.Qb8+ Kg7 53.Qc7+ 
Kf6 54.Qd6+ Kf5 55.Qd5+ Kg4 56.Kg2 h4 57.Qd7+ Kg5 58.Qd5+ Kf6+ 59.Kf1 Kg7 
60.Qd7+ Kh6 61.Qd8 Kh5 62.Qd5+ Kg4 63.Qd7+ Kg5 64.Qd8+ Kg4 65.Qd7+ Kh5 66.
Qd5+ Kh6 67.Qd8 Kh5 1/2-1/2

[Event "55th World U20 ch"]
[Site "Bhubaneswar IND"]
[Date "2016.08.09"]
[Round "2.6"]
[White "Pirverdiev, Agil"]
[Black "Aravindh, Chithambaram"]
[Result "0-1"]
[WhiteElo "2364"]
[BlackElo "2543"]
[EventDate "2016.08.08"]
[PlyCount "82"]

1.d4 Nf6 2.c4 Nc6 3.Nf3 e6 4.Nc3 Bb4 5.Bd2 O-O 6.Qc2 d6 7.a3 Bxc3 8.Bxc3 
Qe7 9.e3 e5 10.h3 exd4 11.Nxd4 Ne4 12.Bd3 Nxc3 13.Qxc3 Ne5 14.Be2 Bd7 15.
O-O c5 16.Nf3 Bc6 17.Nxe5 dxe5 18.Rfd1 f5 19.Bf1 Rf6 20.g3 Raf8 21.Bg2 
Bxg2 22.Kxg2 f4 23.exf4 exf4 24.Re1 Qc7 25.g4 f3+ 26.Kg1 Rh6 27.Qe5 Qxe5 
28.Rxe5 Rxh3 29.Rd1 Rf4 30.Rd8+ Kf7 31.Rf5+ Rxf5 32.gxf5 Rh4 33.Rd7+ Kf6 
34.Rxb7 Rg4+ 35.Kh2 Rg2+ 36.Kh3 Rxf2 37.Kg3 Rf1 38.b4 cxb4 39.axb4 h5 40.
Rxa7 h4+ 41.Kxh4 Rg1 0-1

[Event "55th World U20 ch"]
[Site "Bhubaneswar IND"]
[Date "2016.08.09"]
[Round "2.7"]
[White "Nihal, Sarin"]
[Black "Xu Yinglun"]
[Result "1/2-1/2"]
[WhiteElo "2358"]
[BlackElo "2516"]
[EventDate "2016.08.08"]
[PlyCount "77"]

1.d4 Nf6 2.c4 e6 3.Nf3 d5 4.Nc3 Be7 5.Bg5 h6 6.Bh4 O-O 7.e3 b6 8.Be2 Bb7 
9.Bxf6 Bxf6 10.cxd5 exd5 11.O-O c6 12.Qb3 Na6 13.Rad1 Re8 14.Rfe1 Nc7 15.
Bf1 Ne6 16.g3 g6 17.Bg2 Bg7 18.Ne2 Qd6 19.Rc1 c5 20.Qa3 Bf8 21.Red1 Nc7 
22.dxc5 bxc5 23.Nd2 Qf6 24.Nc3 Reb8 25.Qa5 Qb6 26.Nb3 c4 27.Qxb6 axb6 28.
Nd4 Ra5 29.a3 Bg7 30.Rc2 Ba8 31.Nde2 g5 32.g4 Bc6 33.Nd4 Bd7 34.h3 Rc5 35.
Rcd2 Be6 36.Na4 Bd7 37.Nc3 Be6 38.Na4 Bd7 39.Nc3 1/2-1/2

[Event "55th World U20 ch"]
[Site "Bhubaneswar IND"]
[Date "2016.08.09"]
[Round "2.8"]
[White "Narayanan, Sunilduth Lyna"]
[Black "Tran Minh Thang"]
[Result "1-0"]
[WhiteElo "2515"]
[BlackElo "2353"]
[EventDate "2016.08.08"]
[PlyCount "125"]

1.d4 Nf6 2.c4 g6 3.Nf3 Bg7 4.e3 O-O 5.Be2 c5 6.d5 e6 7.Nc3 exd5 8.cxd5 d6 
9.O-O Re8 10.Nd2 Na6 11.e4 Nc7 12.a4 b6 13.Re1 Rb8 14.Bb5 Re7 15.Bf1 a6 
16.Nc4 b5 17.Na5 Bd7 18.Bf4 Nfe8 19.axb5 Nxb5 20.Qd2 Nd4 21.Ra2 Qc7 22.Nc4
Bb5 23.Bg5 Rd7 24.Bf4 Re7 25.Bg3 Qd8 26.Bh4 Bf6 27.Bg3 Bxc4 28.Bxc4 a5 29.
Rea1 Rb4 30.Qd3 Nc2 31.Rc1 Nd4 32.f3 Reb7 33.Nd1 Nb3 34.Rc2 Qe7 35.Be1 
R4b6 36.Ra3 Nd4 37.Rf2 Nb5 38.Rxa5 Nec7 39.Nc3 Nxc3 40.Bxc3 Bxc3 41.Qxc3 
Nb5 42.Ra8+ Rb8 43.Rxb8+ Rxb8 44.Qb3 Qe8 45.Qa4 Nc7 46.Qxe8+ Nxe8 47.b3 
Ra8 48.Re2 Kf8 49.f4 Ke7 50.Kf2 Ra1 51.g4 Nc7 52.g5 Rh1 53.Kg2 Ra1 54.f5 
f6 55.gxf6+ Kxf6 56.e5+ dxe5 57.d6 Na8 58.Rd2 Nb6 59.fxg6 Ra7 60.Bb5 Nd7 
61.gxh7 Kg7 62.Bxd7 Rxd7 63.Kf3 1-0

[Event "55th World U20 ch"]
[Site "Bhubaneswar IND"]
[Date "2016.08.09"]
[Round "2.9"]
[White "Harsha, Bharathakoti"]
[Black "Karthikeyan, Murali"]
[Result "1/2-1/2"]
[WhiteElo "2344"]
[BlackElo "2514"]
[EventDate "2016.08.08"]
[PlyCount "85"]

1.e4 c5 2.Nf3 e6 3.b3 Nc6 4.Bb2 d5 5.Bb5 dxe4 6.Ne5 Qc7 7.Na3 Nf6 8.f3 Bd7
9.Nxd7 Nxd7 10.fxe4 Nd4 11.Bxd7+ Qxd7 12.Nc4 Be7 13.O-O O-O 14.a4 Rad8 15.
d3 f5 16.Qd2 fxe4 17.dxe4 Qc6 18.Rxf8+ Bxf8 19.Qd3 Be7 20.Re1 b6 21.Ne5 
Qc7 22.Nf3 c4 23.Qc3 Bf6 24.e5 Nxf3+ 25.Qxf3 Be7 26.Rd1 Rxd1+ 27.Qxd1 c3 
28.Bc1 Qxe5 29.h3 Bc5+ 30.Kh1 Bd6 31.Kg1 h5 32.Kf1 Qf5+ 33.Ke2 Qe4+ 34.Kf1
Qf5+ 35.Ke2 Qe4+ 36.Kf1 Bg3 37.Qe2 Qf5+ 38.Kg1 Kh7 39.Be3 Qd5 40.Qf3 Qe5 
41.Kf1 Bh2 42.Bd4 Qxd4 43.Qxh5+ 1/2-1/2

[Event "55th World U20 ch"]
[Site "Bhubaneswar IND"]
[Date "2016.08.09"]
[Round "2.10"]
[White "Gagare, Shardul"]
[Black "Ivekovic, Bozidar"]
[Result "0-1"]
[WhiteElo "2486"]
[BlackElo "2351"]
[EventDate "2016.08.08"]
[PlyCount "66"]

1.d4 Nf6 2.c4 g6 3.Nf3 Bg7 4.g3 c5 5.Nc3 cxd4 6.Nxd4 d5 7.cxd5 Nxd5 8.Bg2 
Nxc3 9.bxc3 O-O 10.O-O Qa5 11.Qb3 Nc6 12.Be3 Qa6 13.Rab1 Nxd4 14.Bxd4 Rb8 
15.a4 Bf5 16.Rb2 b6 17.Qb5 Qc8 18.Bxg7 Kxg7 19.Qe5+ Kg8 20.Qxe7 Qxc3 21.
Ra2 Be6 22.Raa1 a6 23.Qa7 a5 24.Rab1 Qc2 25.Rxb6 Rxb6 26.Qxb6 Qxa4 27.Rb1 
Qc2 28.Ra1 a4 29.Qc6 Rc8 30.Qa6 Qc1+ 31.Rxc1 Rxc1+ 32.Bf1 Bh3 33.Qa8+ Kg7 
0-1

[Event "55th World U20 ch"]
[Site "Bhubaneswar IND"]
[Date "2016.08.09"]
[Round "2.11"]
[White "Gheorghiu, Calin"]
[Black "Tran Tuan Minh"]
[Result "0-1"]
[WhiteElo "2343"]
[BlackElo "2473"]
[EventDate "2016.08.08"]
[PlyCount "80"]

1.d4 Nf6 2.c4 e6 3.Nc3 Bb4 4.e3 O-O 5.Ne2 d5 6.a3 Be7 7.Nf4 c6 8.Bd3 Nbd7 
9.cxd5 exd5 10.O-O Bd6 11.b4 a6 12.f3 Re8 13.Bc2 Bxf4 14.exf4 Nb6 15.f5 
Nc4 16.Re1 Rxe1+ 17.Qxe1 a5 18.bxa5 Qxa5 19.Bg5 Bd7 20.Bd3 Re8 21.Qc1 Qb6 
22.Qf4 Ne4 23.Bxc4 Qxd4+ 24.Qe3 Qxe3+ 25.Bxe3 Nxc3 26.Bd4 dxc4 27.Bxc3 
Bxf5 28.a4 f6 29.a5 Re3 30.Rc1 Re2 31.Bd4 Bd3 32.Ra1 c5 33.Bxc5 c3 34.Ba3 
c2 35.Bc1 h5 36.h4 Kf7 37.Bf4 Kg6 38.Ra3 Kf5 39.g3 g5 40.hxg5 fxg5 0-1

[Event "55th World U20 ch"]
[Site "Bhubaneswar IND"]
[Date "2016.08.09"]
[Round "2.12"]
[White "Gholami, Aryan"]
[Black "Belous, Mikhail"]
[Result "1/2-1/2"]
[WhiteElo "2461"]
[BlackElo "2343"]
[EventDate "2016.08.08"]
[PlyCount "154"]

1.c4 Nf6 2.Nc3 g6 3.g3 Bg7 4.Bg2 O-O 5.d4 d6 6.Nf3 Nbd7 7.O-O e5 8.b3 Re8 
9.e3 Nf8 10.Bb2 e4 11.Nd2 Bf5 12.h3 h5 13.f3 exf3 14.Qxf3 Bh6 15.e4 Bxd2 
16.exf5 Be3+ 17.Kh1 Bxd4 18.fxg6 Nxg6 19.Nd1 Bxb2 20.Nxb2 Kg7 21.Qxb7 Qe7 
22.Qf3 Rab8 23.Rae1 Ne5 24.Qf5 Nfd7 25.Qxh5 Rh8 26.Qf5 Qe6 27.Nd1 Qxf5 28.
Rxf5 Rbe8 29.Ref1 Rh6 30.Ne3 Rf6 31.g4 Rxf5 32.Nxf5+ Kf8 33.g5 Nc5 34.h4 
Ne6 35.Bd5 Kg8 36.Nh6+ Kg7 37.Rf6 c6 38.Nf5+ Kf8 39.Bxe6 Rxe6 40.Nxd6 Rxf6
41.gxf6 Kg8 42.Kg2 Kh7 43.Kg3 Kg6 44.Ne8 Kf5 45.h5 Nd3 46.a3 c5 47.h6 Kg6 
48.Kf3 Nc1 49.Ke4 Nxb3 50.Kd5 Kxh6 51.Nd6 Kg6 52.Ne4 Na5 53.Kxc5 Kf5 54.
Nd2 Kxf6 55.Kb5 Nb7 56.Ka6 Nc5+ 57.Kxa7 Ke5 58.Kb6 Kd4 59.Kb5 Nb7 60.a4 f5
61.a5 Nxa5 62.Kxa5 Kc3 63.c5 Kxd2 64.c6 f4 65.c7 f3 66.c8=Q f2 67.Qf5 Ke2 
68.Qe4+ Kd1 69.Qf3+ Ke1 70.Qe3+ Kf1 71.Qg3 Ke2 72.Qg4+ Ke1 73.Qe4+ Kf1 74.
Kb4 Kg1 75.Qg4+ Kh2 76.Qf3 Kg1 77.Qg3+ Kh1 1/2-1/2

[Event "55th World U20 ch"]
[Site "Bhubaneswar IND"]
[Date "2016.08.09"]
[Round "2.13"]
[White "Ranjan Sahoo, Utkal"]
[Black "Beradze, Irakli"]
[Result "0-1"]
[WhiteElo "2266"]
[BlackElo "2440"]
[EventDate "2016.08.08"]
[PlyCount "98"]

1.d4 Nf6 2.c4 e6 3.Nf3 b6 4.Nc3 Bb4 5.Qc2 Bb7 6.a3 Bxc3+ 7.Qxc3 O-O 8.Bg5 
d6 9.Nd2 Nbd7 10.f3 h6 11.Bh4 c5 12.e4 Rc8 13.Bd3 Qc7 14.O-O Nh5 15.Rfd1 
Nf4 16.Bf1 cxd4 17.Qxd4 e5 18.Qe3 Ne6 19.b4 Nb8 20.Nb3 Nc6 21.Rac1 a5 22.
c5 dxc5 23.bxc5 Ncd4 24.cxb6 Qxb6 25.Nxd4 exd4 26.Qd2 Rxc1 27.Rxc1 Ba6 28.
Bxa6 Qxa6 29.f4 f5 30.exf5 Rxf5 31.Rf1 Qd6 32.g4 Rxf4 33.Rxf4 Nxf4 34.Bg3 
g5 35.Qxa5 d3 36.Be1 Nh3+ 37.Kg2 Qc6+ 38.Kg3 Nf4 39.Qd2 Kh7 40.Qa2 Ne2+ 
41.Kf2 Qf6+ 42.Kg2 Qc6+ 43.Kf2 Qb6+ 44.Kf3 Nd4+ 45.Ke4 Nb3 46.Kf3 Qc6+ 47.
Ke3 Qc5+ 48.Ke4 Qc4+ 49.Kf3 Nd4+ 0-1

[Event "55th World U20 ch"]
[Site "Bhubaneswar IND"]
[Date "2016.08.09"]
[Round "2.14"]
[White "Mosadeghpour, Masoud"]
[Black "Gandhi, Anish"]
[Result "1/2-1/2"]
[WhiteElo "2437"]
[BlackElo "2156"]
[EventDate "2016.08.08"]
[PlyCount "87"]

1.e4 c5 2.Nf3 d6 3.d4 cxd4 4.Nxd4 Nf6 5.Nc3 a6 6.Be2 e5 7.Nb3 Be7 8.O-O 
O-O 9.Bg5 Be6 10.Bxf6 Bxf6 11.Nd5 Bg5 12.a4 Nd7 13.a5 Kh8 14.Ra4 f5 15.
exf5 Bxf5 16.Rb4 Rb8 17.Bd3 Be6 18.Bc4 Bxd5 19.Bxd5 b5 20.axb6 Nxb6 21.Rg4
Nxd5 22.Qxd5 Bf4 23.g3 Bh6 24.Rc4 Rb5 25.Qe6 Rb6 26.Rd1 Qf6 27.Qxf6 gxf6 
28.Na5 Rd8 29.Nc6 d5 30.Ne7 Bf8 31.Nf5 Rxb2 32.Rc6 a5 33.Rxf6 Kg8 34.Ra6 
Rxc2 35.Rxa5 Bc5 36.Ne3 Bxe3 37.fxe3 d4 38.Rxe5 d3 39.Re4 Ra8 40.Rg4+ Kh8 
41.Rd4 Raa2 42.R4xd3 Rg2+ 43.Kf1 Rgf2+ 44.Kg1 1/2-1/2